El Voto en El Salvador
Shranjeno v:
| Format: | Texto |
|---|---|
| Teme: | |
| Oznake: |
Označite
Brez oznak, prvi označite!
|
MARC
| LEADER | 00000 a a2200000 04500 | ||
|---|---|---|---|
| 001 | 6274 | ||
| 003 | |||
| 040 | |||
| 245 | |a El Voto en El Salvador | ||
| 650 | |a PARTICIPACION POLITICA | ||
| 650 | |a ELECCIONES | ||
| 650 | |a PARTIDOS POLITICOS | ||
| 773 | |g volumen 19, número 848; páginas 2-3 | ||
| 999 | |c 22391 |d 22391 | ||
